000 01009nam a2200301 c 4500
999 _c188825
_d188825
003 BLK
005 20250716092331.0
008 180411b bul|||||r ||||||| ||bul||
010 _aKNG00197844000
040 _aBLK
041 _aBUL
_cBUL
080 _aБългарска литература
_b821.163.2
_x-32
_z821.163.2-32
100 1 _aЦонев, Васил
_eпърви автор
_9249140
139 _aЦонев, Васил
_bЦ 80
245 1 0 _aГлупакът
_bНовели и разкази
_cВасил Цонев.
257 _aBGR
260 _aСофия
_bБълг. писател
_c1989
_fВарна : Ст. Добрев-Странджата
300 _a160 с.
_c20 см
380 _aX
500 _a10 112 тир.
852 _aЦб 159793
856 4 _qpdf
_i0.00
_ldisable
856 4 _qpdf
_i0.00
_ldisable
942 _cKNG
_n0
_04
_s1
944 _aCR
_c12.12.2016
_k30576
_lЦветомила Тодорова
944 _aED
_c12.12.2016
_kВаля_Йорданова
999 _d188825